| 000 | 00601cam a2200145 4500500 | ||
|---|---|---|---|
| 005 | 20251228052419.0 | ||
| 041 | _afre | ||
| 042 | _adc | ||
| 100 | 1 | 0 |
_aRivière, Claude _eauthor |
| 245 | 0 | 0 | _aTORNAY, Serge. — Les Fusils Jaunes. Générations et politique en pays nyangatom (Éthiopie). Paris-Nanterre, Société d’ethnologie, 2001, 303 p. |
| 260 | _c2005. | ||
| 500 | _a54 | ||
| 786 | 0 | _nCahiers d'études africaines | 178 | 2 | 2005-06-01 | p. 585i-620i | 0008-0055 | |
| 856 | 4 | 1 | _uhttps://shs.cairn.info/revue-cahiers-d-etudes-africaines-2005-2-page-585i?lang=fr&redirect-ssocas=7080 |
| 999 |
_c1583505 _d1583505 |
||